| 000 | 00818nam a2200193 a 4500 | ||
|---|---|---|---|
| 003 | 0 | ||
| 005 | 20250619160541.0 | ||
| 008 | 021120s19uu xx 00 eng d | ||
| 050 |
_aPHS HQ 799.2.M35 _b.Um43 2000 |
||
| 100 | _aUmali, Allen Christian T. | ||
| 245 |
_aThe Perceptions of high school students on the effects of advertisements on the attitudes of the youths of today school year 1999-2000 / _cAllen Christian T. Umali. |
||
| 260 |
_aLas PiƱas City, Philippines : _bSouthville International School and Colleges, _c2000. |
||
| 300 |
_a28 pages : _billustrations ; _c28 cm. |
||
| 504 | _aIncludes bibliographical references. | ||
| 650 |
_aAdvertising and youth _zPhilippines. |
||
| 650 |
_aMass media and youth _zPhilippines. |
||
| 650 |
_aAdvertising _xPsychological aspects _zPhilippines. |
||
| 942 |
_2lcc _cPASS |
||
| 999 |
_c96303 _d96303 |
||